000 00588nam a2200181 a 4500
005 20140412111309.0
008 030414s19uu xx 00 eng d
020 _a971-121-099-1
050 _aFil E
_bMu92 1981
100 _aGuzman, Gloria Villaraza
245 _aMunting sinag-araw. / :
_bano and naitutulong ng sikat ng araw? /
_cby Gloria Villaraza Guzma ; illustrations by Lani Maestro.
260 _aManila, Philippines :
_bAklat Adarna,
_c1981.
300 _a1 v. (unp.) ; ill.
440 _aKarununga
650 _aSun--Fiction, Filipino
999 _c103869
_d103869